000 01507nam1a22002651 4500
001 2567738
005 20260407193317.0
035 _a(NLR Aleph) 006451970
090 _a5747815
_c5747815
100 _a20110316d1979 u y0rusy50 ca
101 0 _arus
102 _aRU
105 _ay z |||||
200 1 _aВсесоюзная научно-практическая конференция "Социалистическое соревнование, движение за коммунистическое отношение к труду - могучее средство развития активности масс и воспитания нового человека", Ленинград , 12-14 апреля 1979 г.
_e(Докл. на конф.)
210 _aЛенинград
_cБ. и.
_d1979
215 _d20
686 _aА85я431(2)
_2rubbk
710 1 2 _a"Социалистическое соревнование, движение за коммунистическое отношение к труду - могучее средство развития творческой активности масс и воспитания нового человека", всесоюзная научно-практическая конференция
_eЛенинград
_f1979
_9751405
_3RU\NLR\AUTH\8810127072
801 0 _aRU
_bNLR
_gpsbo
801 1 _aRU
_bELAR
_2rusmarc
852 _aNLR
_jDesideratum
899 _aRuMoRGB
_jB 79-8/262
899 _aRuMoRGB
_jB 79-8/264
942 _cBOOK
980 _aNB